Directorio de Organizaciones de la Sociedad Civil de Centro América

Esta publicación constituye el Directorio de las Organizaciones de la Sociedad Civil de Centroamérica, el cual contiene información sobre más de 1200 organizaciones de la región que trabajan en variados campos relacionados con el desarrollo, la igualdad, la justicia social y los derechos humanos. Co...

Полное описание

Сохранить в:
Библиографические подробности
Соавтор: Fundación Arias para la Paz y el Progreso Humano
Формат: Текст
Опубликовано: San José: Fundación Arias para la Paz y el Progreso Humano
Предметы:
Метки: Добавить метку
Нет меток, Требуется 1-ая метка записи!

MARC

LEADER 00000 a a2200000 04500
001 33098
003
040
020 |a 9977-17-056-8  
090 |a 206400  |b REFERENCIA  
110 |a Fundación Arias para la Paz y el Progreso Humano  
245 |a Directorio de Organizaciones de la Sociedad Civil de Centro América  
260 |a San José:   |b Fundación Arias para la Paz y el Progreso Humano  
300 |a 445 p.  
520 |a Esta publicación constituye el Directorio de las Organizaciones de la Sociedad Civil de Centroamérica, el cual contiene información sobre más de 1200 organizaciones de la región que trabajan en variados campos relacionados con el desarrollo, la igualdad, la justicia social y los derechos humanos. Contiene la información recopilada desde 1993 y hasta 1998  
650 |a SOCIEDAD CIVIL  
650 |a ORGANIZACIONES NO GUBERNAMENTALES  
650 |a DIRECTORIOS  
650 |a ESTRUCTURA ORGANIZACIONAL  
650 |a SITUACION JURIDICA  
650 |a FINANCIAMIENTO  
650 |a GESTION DE PROGRAMAS  
650 |a AMERICA CENTRAL  
999 |c 12322  |d 12322